Industrials i polítics (segle XIX) / Jaume Vicens Vives, Montserrat Llorens
Descripción Física:
469 p. ; 18 cm
Otros Autores:
Llorens Serrano, Montserrat
MARC
| LEADER | 00000nam a2200000Ia 4500 | ||
|---|---|---|---|
| 001 | 2244 | ||
| 008 | 160829s1983 xx 000 0 cat d | ||
| 080 | |a H-1-222 | ||
| 100 | |a Vicens Vives, Jaume |9 25605 | ||
| 245 | |a Industrials i polítics (segle XIX) / Jaume Vicens Vives, Montserrat Llorens | ||
| 250 | |a 3a ed. | ||
| 260 | |a Barcelona : |b Vicens Vives, |c 1983 | ||
| 300 | |a 469 p. ; |c 18 cm | ||
| 490 | |a Història de Catalunya. Biografies catalanes ; 11 | ||
| 650 | |a Catalans |x S. XIX |x Biografia |9 25606 | ||
| 650 | |a Industrials |x Catalunya |x S. XIX |x Biografia |9 25607 | ||
| 650 | |a Polítics |x Catalunya |x S. XIX |x Biografia |9 25608 | ||
| 700 | |a Llorens Serrano, Montserrat |9 25609 | ||
| 901 | |a Arxiu | ||
| 942 | |n 1 | ||
| 952 | |0 0 |1 0 |4 0 |6 H1222 |7 1 |9 43699 |a Arxiu |b Arxiu |d 2016-12-01 |l 0 |o H-1-222 |p 2244 |r 2016-12-01 00:00:00 |w 2016-12-01 |y ARXIU | ||
| 999 | |c 46247 |d 46247 | ||